000 00855nam a22002297a 4500
999 _c3482
_d3482
003 AR-CdUCM
008 190306b ||||| |||| 00| 0 spa d
040 _aMUNICIPALIDAD PROVINCIAL DEL CUSCO
_cBIBLIOTECA MUNICIPAL DEL CUSCO
082 _a869.56 /
_bC34
100 _aCastillo Espinoza, Ronald
_911451
245 _aInka yawar paytiti runakuna = Hombres de linaje inca en Paytiti :
_bmitos, relatos y vivencias en versión bilingüe (Quechua-Español)
260 _aCusco :
_c2009.
300 _a172 páginas ;
_bilustraciones,
_c21 cm.
500 _aTexto en quechua y castellano
650 _aCuentos Peruanos
_933
650 _aCuentos de Costumbres
_911371
650 _aLeyendas
_92226
700 _aHuillca Tunque, Ángeles (Ilustrador)
_911452
700 _aHuillca Tunque, Anthoni (Ilustrador)
_911453
942 _2ddc
_cLIBROS
945 _araen